JoJo Part 4 Localized Stand Names - Statistics

General Stats
  • This quiz has been taken 536 times
  • The average score is 8 of 18
Answer Stats
Hint Answer % Correct
Crazy Diamond Shining Diamond
96%
Echoes Reverb
86%
Killer Queen Deadly Queen
83%
Bad Company Worse Company
71%
Highway Star Highway Go Go
59%
Red Hot Chili Pepper Chili Pepper
52%
Sheer Heart Attack Heart attack
51%
Pearl Jam Pole Jam
41%
Atom Heart Father Heart Father
38%
Boy II Man Boys Man Man
32%
Bites The Dust Bite the dust
24%
Surface Show off
24%
Cheap Trick Cheap Trap
23%
Stray Cat Feral Cat
23%
Enigma Misterioso
23%
Love Deluxe Love Extra
19%
Earth Wind and Fire Terra Ventus
16%
Cinderella Fashionista
11%
No matching quizzes found
Score Distribution
Percent of People with Each Score
Percentile by Number Answered
Your Score History
You have not taken this quiz